Statistics for Arsenal's Top 10 English Premier League Scorers

Click here to take the quiz!

General Stats

  • This quiz has been taken 81 times
  • The average score is 5 of 10

Answer Stats

GoalsAnswer% Correct
104Ian Wright
85%
65Theo Walcott
74%
12Tony Adams
70%
16Danny Welbeck
49%
22Kevin Campbell
48%
21Ray Parlour
48%
10Lee Dixon
44%
28Paul Merson
34%
9Alex Oxlaide-Chamberlain
22%
13David Platt
16%

Score Distribution

Percentile by Number Answered

Percent of People with Each Score

Your Score History

You have not taken this quiz